América Latina: ¿reserva estratégica de Estados Unidos? /
El autor afirma que el agravamiento de la situación económica lleva al reforzamiento de la actividad policiaco-militar de Estados Unidos en América Latina, en el marco de una "dependencia estratégica", tanto en lo que se refiere al abastecimiento de petróleo y gas, como de algunos metales...
সংরক্ষণ করুন:
| প্রধান লেখক: | |
|---|---|
| বিন্যাস: | পাঠ্য |
| বিষয়গুলি: | |
| ট্যাগগুলো: |
ট্যাগ যুক্ত করুন
কোনো ট্যাগ নেই, প্রথমজন হিসাবে ট্যাগ করুন!
|
MARC
| LEADER | 00000 a a2200000 04500 | ||
|---|---|---|---|
| 001 | 40423 | ||
| 003 | |||
| 040 | |||
| 100 | |a Saxe-Fernández, John | ||
| 245 | |a América Latina: |b ¿reserva estratégica de Estados Unidos? / |c John Saxe-Fernández | ||
| 520 | |a El autor afirma que el agravamiento de la situación económica lleva al reforzamiento de la actividad policiaco-militar de Estados Unidos en América Latina, en el marco de una "dependencia estratégica", tanto en lo que se refiere al abastecimiento de petróleo y gas, como de algunos metales y una cantidad importante de minerales | ||
| 590 | |a RRH/FEBRERO2011 | ||
| 650 | |a MILITARISMO | ||
| 650 | |a SOBERANIA | ||
| 650 | |a TERRORISMO | ||
| 650 | |a PODER | ||
| 650 | |a ESTADOS UNIDOS | ||
| 650 | |a AMERICA LATINA | ||
| 773 | |g volumen10, número25 (2009), páginas 19-25 | ||
| 999 | |c 20365 |d 20365 | ||
